01228nam a2200337Ia 450000500170000000800410001702000180005804100080007610000250008424500590010925000220016826400490019030000500023933600270028933700330031633800280034949000450037750000470042252100350046965000540050465000500055865000440060865000380065265000410069070000410073170000410077294200150081304000350082808400120086399900150087520220317001738.0170328s2014 mx a g 000 0 spa  a9786071612663 aspa1 aBrenman, Iland1973-10aTeléfono descompuestocIlan Brenman, Renato Moriconi aPrimera edición 1aMéxicobFondo de Cultura Económicac2014 a[33] páginasbilustraciones a colorc37 cm. atextobtxt2rdacontent asin mediaciónbn2rdamedia avolumenbnc2rdacarrier aLos especiales de A la orilla del viento aIncluye datos biográficos de los autores aRecomendado desde los 3 años142LEMBaÁlbumes infantiles brasileñosySiglo XX142LEMBaLiteratura infantil brasilenaySiglo XX142LEMBaComunicaciónvÁlbum infantil 142LEMBaMensajesvÁlbum infantil 142LEMBaLibros ilustrados para niños1 aMoriconi, Renatoeilustrador91054621 aMendía, Marianaetraductora971968 2loccBKINF aCO-BoRNBPbspaerdacCO-BoRNBP aA BRE14 c7943d7943